000 00882nam a2200217Ia 4500
001 22338
005 20260417180247.0
008 260414t2009||||xx |||||||||||||| ||spa||
041 _aESP
082 _a621.3192
_bB78 2009
100 _aBoylestad, Robert L.,
_eAUT
245 0 _aElectrónica :
_bteoría de circuitos y dispositivos electrónicos
260 _c2009
300 _axviii, 894 páginas :
_c27 cm.
650 _aTCA
654 _aCET
856 _uhttps://itmsp.museknowledge.com/UCSP?url=https://www.ebooks7-24.com:443/?il=3312&pg=1
_zVersión digital
856 _uhttps://0u213wx9h-y-https-ebooks7--24-com.itmsp.museknowledge.com/biblioteca.aspx
_zVéase además: Base de datos Ebook7-24
856 _uhttps://0u206wx9m-y-https-ieeexplore-ieee-org.itmsp.museknowledge.com/Xplore/home.jsp
_zVéase además: Base de datos IEEE Xplore
942 _cLIB
_dJUS
_fJUS
_2ddc
999 _c22338
_d22338